[Event "SLO-chT1 West"]
[Site "Slovenia"]
[Date "2016.12.11"]
[Round "9"]
[White "Skok, Joze"]
[Black "Acimovic, Dejan"]
[Result "1/2-1/2"]
[WhiteElo "2021"]
[BlackElo "1883"]
[PlyCount "82"]
[EventDate "2016.11.11"]
[EventType "team-tourn"]
[EventRounds "9"]
[EventCountry "SLO"]
[SourceTitle "EXT 2018"]
[Source "ChessBase"]
[SourceDate "2017.10.13"]
[SourceVersion "1"]
[SourceVersionDate "2017.10.13"]
[SourceQuality "1"]
[WhiteTeam "Domzale"]
[BlackTeam "Kocevje Inotherm"]
[WhiteTeamCountry "SLO"]
[BlackTeamCountry "SLO"]

1. e4 d6 2. d4 Nf6 3. Nc3 e5 4. Nf3 Nbd7 5. Bc4 h6 6. h3 Be7 7. 0-0 0-0 8. Re1 c6 9. a4 Qc7 10. Be3 Re8 11. Qd2 Nf8 12. Rad1 a6 13. Ra1 b6 14. Bb3 N6d7 15. Bxh6 Nh7 16. Be3 Rb8 17. Rad1 a5 18. Kh1 Ndf8 19. dxe5 dxe5 20. Ng5 Nxg5 21. Bxg5 Bb4 22. Qe3 Be6 23. Bh4 Bxb3 24. cxb3 Ne6 25. Bg3 f6 26. Rc1 Bc5 27. Qe2 Nd4 28. Qc4+ Qf7 29. Rcd1 Nxb3 30. Qxf7+ Kxf7 31. Rd7+ Re7 32. Red1 Nd4 33. Rxe7+ Kxe7 34. f4 Ke6 35. Bf2 Nb3 36. f5+ Ke7 37. Kg1 Bxf2+ 38. Kxf2 Nd4 39. Ne2 Nb3 40. Nc3 Nc5 41. Ke3 Rh8 1/2-1/2

[Event "SLO-chT1 West"]
[Site "Ljubljana"]
[Date "2015.10.17"]
[Round "2"]
[White "Budihna, Kristijan"]
[Black "Acimovic, Dejan"]
[Result "1/2-1/2"]
[WhiteElo "2030"]
[BlackElo "1866"]
[PlyCount "152"]
[EventDate "2015.10.16"]
[EventType "team-tourn"]
[EventRounds "9"]
[EventCountry "SLO"]
[SourceTitle "EXT 2019"]
[Source "ChessBase"]
[SourceDate "2018.10.10"]
[SourceVersion "1"]
[SourceVersionDate "2018.10.10"]
[SourceQuality "1"]
[WhiteTeam "Nova Gorica"]
[BlackTeam "Kocevje"]
[WhiteTeamCountry "SLO"]
[BlackTeamCountry "SLO"]

1. Nf3 d5 2. g3 Nf6 3. Bg2 e6 4. 0-0 Be7 5. d3 0-0 6. Nbd2 Nbd7 7. Re1 c6 8. e4 b6 9. e5 Ne8 10. c4 Bb7 11. a3 a5 12. d4 g6 13. Rb1 Ng7 14. b4 Qc7 15. Re3 axb4 16. axb4 b5 17. c5 Ra4 18. Ra3 Rfa8 19. Rba1 Rxa3 20. Rxa3 Rxa3 21. Bxa3 Bc8 22. Nb3 Nb8 23. Bc1 Qa7 24. Na5 Bd8 25. Bd2 Bd7 26. Qa1 Be8 27. Bg5 Bxg5 28. Nxg5 h6 29. Nf3 Na6 30. Nb3 Nf5 31. Ne1 Ne7 32. Nd3 Nc8 33. f4 Nc7 34. Qxa7 Nxa7 35. g4 Na6 36. Na5 Nc8 37. Nb7 Bd7 38. Kf2 Ne7 39. Kg3 Kg7 40. Nd6 Kf8 41. Kh4 Kg7 42. Bh3 Kg8 43. Bg2 Kg7 44. Kg3 Kf8 45. h4 Kg7 46. Bh3 Kf8 47. Kf3 Kg8 48. f5 Nc8 49. Kf4 Kf8 50. fxg6 fxg6 51. Nxc8 Bxc8 52. g5 h5 53. Ke3 Kf7 54. Kd2 Bd7 55. Kc3 Nc7 56. Nf4 Kg7 57. Kb3 Kh7 58. Bg2 Kg7 59. Bf1 Be8 60. Kc3 Bf7 61. Bd3 Ne8 62. Ne2 Nc7 63. Nc1 Kf8 64. Nb3 Na6 65. Na5 Nb8 66. Nb7 Ke7 67. Nd6 Nd7 68. Bc2 Nf8 69. Nb7 Kd7 70. Na5 Kc7 71. Bd3 Be8 72. Nb3 Bf7 73. Nc1 Kd7 74. Ne2 Ke8 75. Kd2 Ke7 76. Nc3 Be8 1/2-1/2

[Event "Ptuj op"]
[Site "Ptuj"]
[Date "2015.08.11"]
[Round "9"]
[White "Acimovic, Dejan"]
[Black "Acimovic, Sergej"]
[Result "0-1"]
[WhiteElo "1892"]
[BlackElo "1558"]
[PlyCount "84"]
[EventDate "2015.08.03"]
[EventType "swiss"]
[EventRounds "9"]
[EventCountry "SLO"]
[SourceTitle "CBM 167 Extra"]
[Source "ChessBase"]
[SourceDate "2015.09.14"]
[SourceVersion "1"]
[SourceVersionDate "2015.09.14"]
[SourceQuality "1"]

1. d4 d5 2. c4 e6 3. Nc3 Nf6 4. Nf3 Be7 5. Bg5 h6 6. Bh4 0-0 7. e3 b6 8. cxd5 Nxd5 9. Bxe7 Qxe7 10. Nxd5 exd5 11. Rc1 Be6 12. Ne5 c5 13. Bd3 c4 14. Bb1 b5 15. 0-0 Rc8 16. Qc2 Qf6 17. f4 Re8 18. Rf3 g6 19. g4 Qg7 20. Qg2 Bc8 21. Kh1 Rf8 22. Rg1 g5 23. f5 f6 24. Ng6 Re8 25. a3 Nd7 26. Bc2 Nb6 27. Qd2 a5 28. Re1 Bb7 29. h3 Qc7 30. Qh2 Qxh2+ 31. Kxh2 b4 32. e4 dxe4 33. Rfe3 Kg7 34. axb4 axb4 35. Bxe4 Bxe4 36. Rxe4 Rxe4 37. Rxe4 Nd5 38. Re2 c3 39. bxc3 b3 40. Kg3 Ra2 41. Re1 b2 42. c4 Ra1 0-1

[Event "Ptuj op"]
[Site "Ptuj"]
[Date "2015.08.10"]
[Round "8"]
[White "Cmor, Nino"]
[Black "Acimovic, Dejan"]
[Result "1-0"]
[WhiteElo "2014"]
[BlackElo "1892"]
[PlyCount "71"]
[EventDate "2015.08.03"]
[EventType "swiss"]
[EventRounds "9"]
[EventCountry "SLO"]
[SourceTitle "CBM 167 Extra"]
[Source "ChessBase"]
[SourceDate "2015.09.14"]
[SourceVersion "1"]
[SourceVersionDate "2015.09.14"]
[SourceQuality "1"]

1. e4 c6 2. d4 d5 3. f3 e6 4. Nc3 Nd7 5. Bf4 Bb4 6. Qd3 Ne7 7. 0-0-0 Ng6 8. Bd2 Be7 9. Kb1 b6 10. g3 Bb7 11. Bg2 Qc7 12. Re1 dxe4 13. fxe4 0-0-0 14. Nf3 e5 15. d5 Nc5 16. Qe2 Kb8 17. Rd1 f6 18. Be3 Rhe8 19. Nd2 Nf8 20. Nb3 Na6 21. a3 Nd7 22. Rd2 Ndc5 23. Rhd1 Nxb3 24. cxb3 Rd6 25. Rc1 Qd8 26. Rcc2 Nc7 27. Ka2 cxd5 28. exd5 f5 29. Qh5 g6 30. Qxh7 Bg5 31. Bxg5 Qxg5 32. Ne4 Qe7 33. Qxe7 Rxe7 34. Nxd6 Ba6 35. Nxf5 gxf5 36. d6 1-0

[Event "Ptuj op"]
[Site "Ptuj"]
[Date "2015.08.04"]
[Round "2"]
[White "Suta, Tomaz"]
[Black "Acimovic, Dejan"]
[Result "0-1"]
[WhiteElo "1673"]
[BlackElo "1892"]
[PlyCount "76"]
[EventDate "2015.08.03"]
[EventType "swiss"]
[EventRounds "9"]
[EventCountry "SLO"]
[SourceTitle "CBM 167 Extra"]
[Source "ChessBase"]
[SourceDate "2015.09.14"]
[SourceVersion "1"]
[SourceVersionDate "2015.09.14"]
[SourceQuality "1"]

1. e4 c6 2. d4 d5 3. Nc3 dxe4 4. Nxe4 Nf6 5. Nxf6+ exf6 6. Bc4 Qe7+ 7. Qe2 Bg4 8. Qxe7+ Bxe7 9. Ne2 Bd6 10. 0-0 0-0 11. h3 Bf5 12. c3 b5 13. Bb3 Re8 14. Re1 g5 15. Be3 Nd7 16. a4 a6 17. axb5 axb5 18. Rxa8 Rxa8 19. g4 Be6 20. Bxe6 fxe6 21. f4 h6 22. fxg5 hxg5 23. Nc1 Nb6 24. Nd3 Kf7 25. Kg2 Ra2 26. Kf3 Nd5 27. Rf1 Kg6 28. Ke4 Ne7 29. Rg1 Ra8 30. Rg2 Rh8 31. Nf2 f5+ 32. gxf5+ exf5+ 33. Kf3 f4 34. Bd2 Kf5 35. b3 Ng6 36. Rg1 Ra8 37. Ke2 Ra2 38. Kd3 Nh4 0-1

[Event "Ptuj op"]
[Site "Ptuj"]
[Date "2015.08.03"]
[Round "1"]
[White "Acimovic, Dejan"]
[Black "Kastelic, Marian"]
[Result "0-1"]
[WhiteElo "1892"]
[BlackElo "2340"]
[PlyCount "66"]
[EventDate "2015.08.03"]
[EventType "swiss"]
[EventRounds "9"]
[EventCountry "SLO"]
[SourceTitle "CBM 167 Extra"]
[Source "ChessBase"]
[SourceDate "2015.09.14"]
[SourceVersion "1"]
[SourceVersionDate "2015.09.14"]
[SourceQuality "1"]

1. d4 Nf6 2. c4 c5 3. d5 d6 4. Nc3 g6 5. e4 Bg7 6. Nge2 0-0 7. Ng3 a6 8. Be2 e5 9. h4 h5 10. Bg5 b5 11. Bxh5 Qb6 12. Bxf6 Bxf6 13. Be2 bxc4 14. Qd2 Qd8 15. h5 Bg5 16. Qc2 Nd7 17. a4 Rb8 18. Ra3 Nf6 19. Bxc4 Kg7 20. Nd1 Rh8 21. Be2 Bf4 22. Nf1 Qa5+ 23. Nc3 Rb4 24. Bf3 Nxh5 25. Bxh5 gxh5 26. Nd2 Bg4 27. Kf1 Rhb8 28. f3 Rxb2 29. Nb3 Rxc2 30. Nxa5 Rbb2 31. Nd1 Rb1 32. Rd3 Bd7 33. Nc6 c4 0-1

[Event "Ptuj op"]
[Site "Ptuj"]
[Date "2014.08.18"]
[Round "5"]
[White "Lipovsek, Miran"]
[Black "Acimovic, Dejan"]
[Result "1-0"]
[WhiteElo "2032"]
[BlackElo "1838"]
[PlyCount "81"]
[EventDate "2014.08.15"]
[EventType "swiss"]
[EventRounds "9"]
[EventCountry "SLO"]
[SourceTitle "CBM 161 Extra"]
[Source "ChessBase"]
[SourceDate "2014.08.29"]
[SourceVersion "1"]
[SourceVersionDate "2014.08.29"]
[SourceQuality "1"]

1. e4 c6 2. c4 d6 3. d4 e5 4. Nf3 Qc7 5. Nc3 Bg4 6. Be2 Bxf3 7. Bxf3 Be7 8. 0-0 Nd7 9. d5 c5 10. Be2 g5 11. Bh5 Nf8 12. Qf3 Ng6 13. g3 Bf6 14. Be3 Qe7 15. Rfb1 Nh6 16. b4 cxb4 17. Rxb4 b6 18. a4 0-0 19. a5 bxa5 20. Rba4 Bg7 21. Rxa5 f5 22. c5 f4 23. cxd6 Qd7 24. Bc5 fxg3 25. Qxg3 Nf4 26. Bd1 Rfc8 27. Rxa7 Rxa7 28. Rxa7 Qd8 29. Na4 Nf7 30. d7 Rb8 31. Nc3 h5 32. d6 h4 33. Qe3 Kh7 34. Rc7 Ra8 35. h3 Bf8 36. Nb5 Ra1 37. Qb3 Kg6 38. Kh2 Qf6 39. Qxf7+ Qxf7 40. d8Q Ne6 41. Rxf7 1-0

[Event "Novo Mesto op"]
[Site "Novo Mesto"]
[Date "2013.10.31"]
[Round "1"]
[White "Acimovic, Dejan"]
[Black "Bajc, Aleksander"]
[Result "1-0"]
[WhiteElo "1890"]
[BlackElo "1602"]
[PlyCount "63"]
[EventDate "2013.10.31"]
[EventType "swiss"]
[EventRounds "9"]
[EventCountry "SLO"]
[SourceTitle "EXT 2015"]
[Source "ChessBase"]
[SourceDate "2014.11.20"]
[SourceVersion "1"]
[SourceVersionDate "2014.11.20"]
[SourceQuality "1"]

1. d4 Nf6 2. Bg5 d5 3. c4 c6 4. Bxf6 gxf6 5. e3 Bg7 6. Nc3 e6 7. Nf3 Nd7 8. Qc2 a6 9. Bd3 dxc4 10. Bxc4 c5 11. a4 cxd4 12. Nxd4 Ne5 13. Be2 Bd7 14. 0-0 0-0 15. f4 Ng6 16. f5 Ne5 17. Rad1 Qe7 18. Bd3 Nxd3 19. Qxd3 Rad8 20. Qe4 e5 21. Nde2 Bc6 22. Qc4 Rc8 23. Qh4 Kh8 24. e4 Rg8 25. Rd3 Qf8 26. Ng3 Qe7 27. Nh5 b5 28. Rh3 Rgd8 29. Nxg7 Qc5+ 30. Kh1 Kxg7 31. Qh6+ Kg8 32. Rg3+ 1-0

[Event "Novo Mesto op"]
[Site "Novo Mesto"]
[Date "2013.10.31"]
[Round "2"]
[White "Stevanic, David"]
[Black "Acimovic, Dejan"]
[Result "1-0"]
[WhiteElo "1648"]
[BlackElo "1890"]
[PlyCount "129"]
[EventDate "2013.10.31"]
[EventType "swiss"]
[EventRounds "9"]
[EventCountry "SLO"]
[SourceTitle "EXT 2015"]
[Source "ChessBase"]
[SourceDate "2014.11.20"]
[SourceVersion "1"]
[SourceVersionDate "2014.11.20"]
[SourceQuality "1"]

1. e4 c6 2. d4 d5 3. Nc3 a6 4. Bf4 e6 5. a3 Nf6 6. e5 Nfd7 7. Nce2 c5 8. c3 Qb6 9. Rb1 Nc6 10. Nf3 Be7 11. Ng3 h6 12. h3 Qa5 13. Qd2 cxd4 14. cxd4 Qxd2+ 15. Bxd2 f6 16. Nh5 Kf7 17. Bc3 b5 18. Bd3 Bb7 19. Nf4 f5 20. g4 g5 21. Nxe6 fxg4 22. hxg4 Kxe6 23. Bf5+ Kf7 24. e6+ Kg7 25. exd7 Bd6 26. Kd2 Ne7 27. Be6 Rhf8 28. Rh3 a5 29. Rbh1 Rf6 30. Bxa5 Nc6 31. d8Q Nxd8 32. Bxd8 Rxe6 33. Bxg5 Rh8 34. Ne5 b4 35. Bxh6+ Kg8 36. Bf4 Rxh3 37. Rxh3 bxa3 38. bxa3 Rf6 39. Ke3 Bxa3 40. Ke2 Ba6+ 41. Kd1 Rxf4 42. Rxa3 Rxd4+ 43. Kc2 Be2 44. f3 Kg7 45. Re3 Bd1+ 46. Kc3 Ra4 47. Rd3 Ra3+ 48. Kd2 Rxd3+ 49. Kxd3 Kf6 50. Kd4 Ke6 51. g5 Bb3 52. Nd3 Kf5 53. f4 Bc4 54. Nb4 Ke6 55. g6 Bb3 56. f5+ Kf6 57. Nxd5+ Kg7 58. Ke5 Ba4 59. Nf4 Be8 60. f6+ Kf8 61. g7+ Kg8 62. Ng2 Kf7 63. Ne3 Kg8 64. Ng4 Kh7 65. Nh6 1-0

[Event "SLO-chT1a West"]
[Site "Ljubljana"]
[Date "2009.10.10"]
[Round "3.5"]
[White "Hrenic, Misa"]
[Black "Acimovic, Dejan"]
[Result "1-0"]
[WhiteElo "2022"]
[BlackElo "1967"]
[PlyCount "120"]
[EventDate "2009.10.09"]
[EventType "team-tourn"]
[EventRounds "9"]
[EventCountry "SLO"]
[SourceTitle "EXT 2012"]
[Source "ChessBase"]
[SourceDate "2011.11.24"]
[SourceVersion "1"]
[SourceVersionDate "2011.11.24"]
[SourceQuality "1"]
[WhiteTeam "Jesenice"]
[BlackTeam "Kocevje"]
[WhiteTeamCountry "SLO"]
[BlackTeamCountry "SLO"]

1. e4 Nc6 2. d4 e6 3. Nf3 d5 4. Nbd2 Nf6 5. e5 Nd7 6. Be2 f6 7. exf6 Qxf6 8. Nf1 Bd6 9. Ne3 0-0 10. 0-0 Bf4 11. c4 Bxe3 12. Bxe3 Nb6 13. c5 Nd7 14. a3 h6 15. b4 Ne7 16. Re1 g5 17. h3 Ng6 18. Nh2 Qg7 19. Bd3 Nf6 20. Bxg6 Qxg6 21. Nf3 Nd7 22. Bd2 Qf5 23. Qe2 Rf6 24. Rf1 b6 25. Rae1 bxc5 26. bxc5 a5 27. Qb5 Rf7 28. Qc6 Ra7 29. Qxe6 Nf6 30. Qxf5 Bxf5 31. Ne5 Rf8 32. Re3 Ne4 33. Bc3 Ra6 34. f3 Nxc3 35. Rxc3 Rb8 36. f4 Be4 37. fxg5 hxg5 38. Rg3 Rb2 39. Rxg5+ Kh7 40. Rf4 Rd2 41. Nf7 Rg6 42. Rxg6 Kxg6 43. Ne5+ Kg5 44. Rg4+ Kf5 45. Nc6 a4 46. Rg3 Kf4 47. Kh2 Rb2 48. Nd8 Rb3 49. Ne6+ Kf5 50. Nxc7 Kf4 51. Ne6+ Kf5 52. Ng7+ Kf4 53. Nh5+ Kf5 54. c6 Ke6 55. c7 Kd7 56. Rg7+ Kc8 57. Nf6 Rb6 58. Nxe4 dxe4 59. Re7 Rb3 60. d5 e3 1-0

[Event "SLO-chT1 West"]
[Site "Ljubljana"]
[Date "2008.11.15"]
[Round "4.5"]
[White "Skrinjar, Matic"]
[Black "Acimovic, Dejan"]
[Result "1/2-1/2"]
[WhiteElo "1874"]
[BlackElo "1988"]
[PlyCount "34"]
[EventDate "2008.11.13"]
[EventType "team-tourn"]
[EventRounds "9"]
[EventCountry "SLO"]
[SourceTitle "EXT 2010"]
[Source "ChessBase"]
[SourceDate "2010.11.25"]
[SourceVersion "1"]
[SourceVersionDate "2010.11.25"]
[SourceQuality "1"]
[WhiteTeam "Nova Gorica"]
[BlackTeam "Kocevje"]
[WhiteTeamCountry "SLO"]
[BlackTeamCountry "SLO"]

1. e4 e6 2. d4 d5 3. Nc3 Nc6 4. e5 a6 5. f4 Bd7 6. Nf3 Nge7 7. Be3 Nf5 8. Bf2 Bb4 9. Bd3 Na5 10. Bxf5 Bxc3+ 11. bxc3 exf5 12. 0-0 h6 13. Bh4 Qc8 14. Nd2 Be6 15. Rf3 b6 16. Rg3 g6 17. Bf6 Rg8 1/2-1/2

[Event "SLO-chT1 West"]
[Site "Ljubljana"]
[Date "2008.11.13"]
[Round "1.5"]
[White "Petek, Primoz"]
[Black "Acimovic, Dejan"]
[Result "1/2-1/2"]
[WhiteElo "2092"]
[BlackElo "1988"]
[PlyCount "167"]
[EventDate "2008.11.13"]
[EventType "team-tourn"]
[EventRounds "9"]
[EventCountry "SLO"]
[SourceTitle "EXT 2010"]
[Source "ChessBase"]
[SourceDate "2010.11.25"]
[SourceVersion "1"]
[SourceVersionDate "2010.11.25"]
[SourceQuality "1"]
[WhiteTeam "Gorenjka Lesce"]
[BlackTeam "Kocevje"]
[WhiteTeamCountry "SLO"]
[BlackTeamCountry "SLO"]

1. c4 d6 2. Nc3 e5 3. Nf3 Nf6 4. g3 c6 5. d3 Bg4 6. Bg2 Be7 7. 0-0 0-0 8. Rb1 Qc8 9. b4 Bh3 10. b5 c5 11. Bg5 Bxg2 12. Kxg2 Nbd7 13. Ne1 h6 14. Bxf6 Nxf6 15. Nc2 Nh7 16. Nd5 Bd8 17. f4 exf4 18. Nxf4 Bf6 19. Ne3 Qd7 20. Nfd5 Bg5 21. Rf2 Rae8 22. Nf5 g6 23. h4 gxf5 24. hxg5 hxg5 25. Qd2 f6 26. Rh1 Rf7 27. d4 Qe6 28. e3 Qe4+ 29. Kg1 cxd4 30. Qxd4 Qxd4 31. exd4 Re4 32. Rd2 g4 33. Rh5 Kg7 34. Rxf5 Ng5 35. Kf1 Nf3 36. Rd3 Kg6 37. Rf4 f5 38. Rxe4 fxe4 39. Rd1 Nd2+ 40. Ke2 Nxc4 41. Nf4+ Kf5 42. Rc1 Na3 43. Rh1 Nc2 44. Rh5+ Kf6 45. Rh6+ Ke7 46. Re6+ Kd7 47. Rxe4 Na3 48. Nd5 Nxb5 49. Rxg4 Ke6 50. Ne3 Nc3+ 51. Kd3 Nxa2 52. d5+ Ke5 53. Re4+ Kf6 54. Ra4 Nc1+ 55. Kd2 Nb3+ 56. Kc3 Nc5 57. Rxa7 Ke5 58. Ra8 Ne4+ 59. Kd3 Nc5+ 60. Kc3 Re7 61. Rd8 Ne4+ 62. Kd3 Nxg3 63. Nc4+ Kxd5 64. Rxd6+ Kc5 65. Rg6 Rd7+ 66. Kc2 Ne4 67. Ne5 Rc7 68. Kb2 b5 69. Nd3+ Kd4 70. Nb4 Rh7 71. Nc6+ Kc5 72. Ne5 Rh2+ 73. Kb3 Rh3+ 74. Kb2 Nd2 75. Rg5 Kb4 76. Rg4+ Ka5 77. Nc6+ Kb6 78. Ne5 Rh2 79. Kc3 Nf1 80. Rg8 Rh3+ 81. Kb2 Kc5 82. Rc8+ Kd5 83. Nc6 Kc5 84. Ne5+ 1/2-1/2

[Event "SLO-chT2"]
[Site "Ljubljana"]
[Date "2007.11.24"]
[Round "7.6"]
[White "Acimovic, Dejan"]
[Black "Hozjan, Erik"]
[Result "1-0"]
[WhiteElo "1907"]
[BlackElo "1577"]
[PlyCount "105"]
[EventDate "2007.11.15"]
[EventType "team"]
[EventRounds "9"]
[EventCountry "SLO"]
[SourceTitle "CBM 121 Extra"]
[Source "ChessBase"]
[SourceDate "2008.01.10"]
[SourceVersion "1"]
[SourceVersionDate "2008.01.10"]
[SourceQuality "1"]
[WhiteTeam "Kocevje"]
[BlackTeam "Tolmin"]
[WhiteTeamCountry "SLO"]
[BlackTeamCountry "SLO"]

1. d4 d5 2. Nf3 Nf6 3. c4 c6 4. Nc3 g6 5. e3 Bg7 6. Qb3 e6 7. Be2 Nbd7 8. 0-0 0-0 9. Rd1 b6 10. cxd5 cxd5 11. Bd2 Bb7 12. a4 Ne4 13. Be1 Ndf6 14. Nb5 a6 15. Na3 Nd6 16. Ne5 b5 17. axb5 axb5 18. Rac1 Qb6 19. f3 Rfc8 20. g4 h6 21. Qb4 Bf8 22. Qb3 Ba6 23. Bb4 Qb7 24. Nd3 Nd7 25. Bc5 Nc4 26. Bxf8 Nxf8 27. Nc5 Rxc5 28. dxc5 b4 29. Nxc4 dxc4 30. Bxc4 Qxf3 31. Bxa6 Qxg4+ 32. Kf2 Qh4+ 33. Kf1 Rxa6 34. Qd3 Qh3+ 35. Ke1 Qh4+ 36. Kd2 Qxh2+ 37. Qe2 Qxe2+ 38. Kxe2 e5 39. Rd5 Ne6 40. c6 Ra8 41. Rxe5 Rc8 42. Rb5 Kf8 43. Rxb4 Ke7 44. Rb7+ Ke8 45. b4 f5 46. b5 f4 47. b6 Nd8 48. Rh7 Rxc6 49. Rxc6 Nxc6 50. exf4 Kd8 51. b7 h5 52. Kf2 Ke8 53. Rc7 1-0

[Event "SLO-chT2"]
[Site "Ljubljana"]
[Date "2007.11.16"]
[Round "2.6"]
[White "Skrinjar, Matic"]
[Black "Acimovic, Dejan"]
[Result "1-0"]
[WhiteElo "1814"]
[BlackElo "1907"]
[PlyCount "103"]
[EventDate "2007.11.15"]
[EventType "team"]
[EventRounds "9"]
[EventCountry "SLO"]
[SourceTitle "CBM 121 Extra"]
[Source "ChessBase"]
[SourceDate "2008.01.10"]
[SourceVersion "1"]
[SourceVersionDate "2008.01.10"]
[SourceQuality "1"]
[WhiteTeam "Nova Gorica"]
[BlackTeam "Kocevje"]
[WhiteTeamCountry "SLO"]
[BlackTeamCountry "SLO"]

1. e4 e6 2. d4 d5 3. exd5 exd5 4. Bd3 Nc6 5. c3 Bd6 6. Ne2 Nce7 7. 0-0 c6 8. Qc2 Qc7 9. h3 Nf6 10. Bg5 h6 11. Bh4 Be6 12. b4 g5 13. Bg3 Nh5 14. Bxd6 Qxd6 15. a4 Rg8 16. Na3 Nf4 17. b5 Qd7 18. Kh2 Neg6 19. Bxg6 Rxg6 20. Rfe1 Kf8 21. Qd2 Nh5 22. Ng3 Qd6 23. bxc6 bxc6 24. Re3 Rf6 25. Nc2 Nf4 26. Kg1 Bxh3 27. gxh3 Nxh3+ 28. Kh1 Rxf2 29. Qd3 Kg8 30. Rc1 f5 31. Rf1 Qf4 32. Rf3 Rxf3 33. Qxf3 Qxf3+ 34. Rxf3 f4 35. Nf5 Rf8 36. Nxh6+ Kg7 37. Rxh3 Re8 38. Ng4 Kg6 39. Ne5+ Kf5 40. Nb4 c5 41. Nxd5 cxd4 42. cxd4 Rd8 43. Ne7+ Ke4 44. N7c6 Rg8 45. Rh2 f3 46. Kg1 g4 47. Rh4 Ke3 48. Nxg4+ Ke2 49. Rh2+ Ke1 50. Nce5 Rf8 51. Nd3+ Kd1 52. Ne3# 1-0

[Event "Portoroz op 9th"]
[Site "Portoroz"]
[Date "2007.09.30"]
[Round "5"]
[White "Acimovic, Dejan"]
[Black "Nikolic, Stanko"]
[Result "1-0"]
[WhiteElo "1907"]
[BlackElo "2002"]
[PlyCount "130"]
[EventDate "2007.09.28"]
[EventType "swiss"]
[EventRounds "7"]
[EventCountry "SLO"]
[SourceTitle "CBM 120 Extra"]
[Source "ChessBase"]
[SourceDate "2007.11.01"]
[SourceVersion "1"]
[SourceVersionDate "2007.11.01"]
[SourceQuality "1"]

1. d4 d5 2. Nf3 Nf6 3. e3 Nbd7 4. Bd3 e6 5. b3 Bd6 6. Bb2 0-0 7. Nbd2 b6 8. 0-0 Bb7 9. Ne5 c5 10. f4 g6 11. c4 Rc8 12. Qc2 cxd4 13. exd4 dxc4 14. bxc4 Nd5 15. Qa4 Bxe5 16. fxe5 Bc6 17. Qb3 Ne3 18. Rf2 Qg5 19. Be4 Qh6 20. Bxc6 Rxc6 21. Re2 Nf5 22. d5 Nc5 23. Qf3 Rc7 24. Ne4 Nxe4 25. Qxe4 Rfc8 26. d6 Rd7 27. Bc1 Qh4 28. Qxh4 Nxh4 29. Re4 Nf5 30. g4 Ng7 31. a4 h5 32. h3 hxg4 33. hxg4 Ne8 34. g5 Ng7 35. a5 Nf5 36. axb6 axb6 37. Kf2 Kg7 38. Rb1 Rc6 39. Bd2 Ra7 40. Rb2 Ra4 41. Bb4 Ra7 42. Rd2 Rd7 43. Ke1 Ng3 44. Rf4 Nf5 45. Ke2 Ng3+ 46. Kd3 Rc8 47. Rh2 Nf5 48. Rf1 Rh8 49. Rxh8 Kxh8 50. Ra1 Kg7 51. Ra8 Ne7 52. Bc3 Nc6 53. Rc8 Na7 54. Rb8 Nc6 55. Rxb6 Ne7 56. Rb8 Nc6 57. Rb6 Ne7 58. Rb8 Nf5 59. c5 Ne7 60. Ke4 Nd5 61. Bd2 Ra7 62. Kd3 Ra3+ 63. Kc2 Ra6 64. Rc8 Ra2+ 65. Kc1 Nb6 1-0

[Event "Portoroz op 9th"]
[Site "Portoroz"]
[Date "2007.09.30"]
[Round "6"]
[White "Belamaric, Goran"]
[Black "Acimovic, Dejan"]
[Result "1-0"]
[WhiteElo "2171"]
[BlackElo "1907"]
[PlyCount "87"]
[EventDate "2007.09.28"]
[EventType "swiss"]
[EventRounds "7"]
[EventCountry "SLO"]
[SourceTitle "CBM 120 Extra"]
[Source "ChessBase"]
[SourceDate "2007.11.01"]
[SourceVersion "1"]
[SourceVersionDate "2007.11.01"]
[SourceQuality "1"]

1. e4 e6 2. d4 d5 3. e5 Bd7 4. Nf3 a6 5. Bd3 Bb5 6. 0-0 Bxd3 7. Qxd3 c5 8. dxc5 Bxc5 9. c4 dxc4 10. Qxc4 Nd7 11. Nc3 Rc8 12. Qg4 Kf8 13. Ne4 Be7 14. Rd1 h5 15. Qf4 Nh6 16. Neg5 Nf5 17. Be3 Qe8 18. Rac1 Nb8 19. h3 Rxc1 20. Rxc1 Nc6 21. Bd2 Kg8 22. a3 Rh6 23. b4 Bd8 24. a4 Qd7 25. Qc4 Rg6 26. Ne4 f6 27. Bf4 Bb6 28. b5 axb5 29. axb5 Nce7 30. exf6 gxf6 31. Bc7 Nd5 32. Bxb6 Nxb6 33. Qc7 Qxb5 34. Qxb7 Qd5 35. Qb8+ Kh7 36. Rc7+ Nd7 37. Qb7 Qxb7 38. Rxb7 Ng7 39. Rxd7 f5 40. Neg5+ Kh6 41. h4 Rf6 42. Rd8 f4 43. Ne5 Nf5 44. Ne4 1-0

[Event "Portoroz op 9th"]
[Site "Portoroz"]
[Date "2007.09.29"]
[Round "4"]
[White "Acimovic, Dejan"]
[Black "Pregarac, Valter"]
[Result "1-0"]
[WhiteElo "1907"]
[BlackElo "2111"]
[PlyCount "93"]
[EventDate "2007.09.28"]
[EventType "swiss"]
[EventRounds "7"]
[EventCountry "SLO"]
[SourceTitle "CBM 120 Extra"]
[Source "ChessBase"]
[SourceDate "2007.11.01"]
[SourceVersion "1"]
[SourceVersionDate "2007.11.01"]
[SourceQuality "1"]

1. d4 Nf6 2. Bg5 e6 3. e3 c5 4. c3 Be7 5. Nf3 0-0 6. Bd3 b6 7. Qe2 cxd4 8. exd4 Bb7 9. Nbd2 d6 10. 0-0 Nbd7 11. Rfe1 Re8 12. Nf1 Qc7 13. Ng3 Nf8 14. h4 Bc6 15. h5 Qb7 16. a4 a6 17. Bxf6 Bxf6 18. Ne4 Be7 19. Nfd2 f5 20. Ng3 Bg5 21. Nf3 Bf4 22. Bc4 Kh8 23. Qd3 Bxf3 24. Qxf3 Qxf3 25. gxf3 g6 26. Kg2 Kg7 27. Ne2 Bg5 28. f4 Bf6 29. Nc1 gxh5 30. Be2 h4 31. Nd3 Ng6 32. Bf3 Ra7 33. Bd5 Kf7 34. Bc4 a5 35. Kf3 Rae7 36. Ra3 Rg8 37. Rb3 Rb8 38. Rb5 d5 39. Ba2 Rc7 40. Nc5 Rc6 41. Nxe6 Rxe6 42. Bxd5 Nf8 43. Bc4 Bd8 44. Rxf5+ Bf6 45. Rb5 Rbe8 46. f5 Kg7 47. fxe6 1-0

[Event "SLO-chT"]
[Site "Bled"]
[Date "2005.11.12"]
[Round "7"]
[White "Jeraj, Zlatko"]
[Black "Acimovic, Dejan"]
[Result "1-0"]
[WhiteElo "2104"]
[BlackElo "1874"]
[PlyCount "55"]
[EventDate "2005.11.03"]
[EventType "team"]
[EventRounds "9"]
[EventCountry "SLO"]
[SourceTitle "CBM 109 Extra"]
[Source "ChessBase"]
[SourceDate "2006.01.03"]
[SourceVersion "2"]
[SourceVersionDate "2006.01.03"]
[SourceQuality "1"]

1. d4 d6 2. Nf3 Bg4 3. Nbd2 Nd7 4. h3 Bh5 5. e4 c6 6. Be2 e6 7. 0-0 Be7 8. Re1 g5 9. Nf1 Bg6 10. Bd3 h5 11. N3h2 Nh6 12. c4 e5 13. Be3 exd4 14. Bxd4 Ne5 15. Be2 Ng8 16. Ng3 Nf6 17. Nf5 Bxf5 18. exf5 Qd7 19. Qc2 0-0-0 20. Bxa7 Qc7 21. Bd4 h4 22. a4 Rhg8 23. a5 g4 24. Bb6 Qb8 25. hxg4 Nfxg4 26. Bxg4 Rd7 27. Bh3 Bf6 28. f4 1-0

[Event "SLO-chT"]
[Site "Bled"]
[Date "2005.11.11"]
[Round "6"]
[White "Acimovic, Dejan"]
[Black "Marjanovic, Slavko"]
[Result "0-1"]
[WhiteElo "1874"]
[BlackElo "2017"]
[PlyCount "116"]
[EventDate "2005.11.03"]
[EventType "team"]
[EventRounds "9"]
[EventCountry "SLO"]
[SourceTitle "CBM 109 Extra"]
[Source "ChessBase"]
[SourceDate "2006.01.03"]
[SourceVersion "2"]
[SourceVersionDate "2006.01.03"]
[SourceQuality "1"]

1. e4 e6 2. d4 d5 3. e5 c5 4. f4 Nc6 5. Nf3 Nh6 6. Bd3 Nf5 7. Bxf5 exf5 8. Be3 c4 9. c3 Be7 10. Qc2 0-0 11. 0-0 b5 12. Nbd2 a5 13. Rfb1 f6 14. Nf1 Be6 15. Bf2 Qd7 16. Re1 fxe5 17. Nxe5 Nxe5 18. dxe5 g5 19. g3 gxf4 20. gxf4 Kh8 21. Nd2 Rg8+ 22. Kf1 Rg4 23. Be3 Rag8 24. Nf3 b4 25. Rad1 Qb7 26. Nd4 Bc5 27. Qf2 Bxd4 28. Bxd4 Qg7 29. Be3 Rg2 30. Qf3 Rxb2 31. Re2 bxc3 32. Rc1 Qh6 33. Rxc3 Rxe2 34. Kxe2 Qxh2+ 35. Bf2 d4 36. Ra3 Rb8 37. Rxa5 Rb2+ 38. Ke1 Rb1+ 39. Ke2 d3+ 40. Ke3 Rb2 41. Ra8+ Kg7 42. Ra7+ Kh6 43. Ra6 Re2+ 44. Qxe2 dxe2 45. Rxe6+ Kg7 46. Re7+ Kf8 47. Rc7 Qh1 48. Kxe2 Qe4+ 49. Be3 Qg2+ 50. Bf2 Qe4+ 51. Be3 h5 52. Rh7 Qg2+ 53. Bf2 c3 54. Rc7 Qe4+ 55. Be3 c2 56. Kd2 h4 57. Rxc2 h3 58. Bg1 Qg2+ 0-1